000 00821nam a22002177a 4500
005 20170816103853.0
010 _aBAC-CH25
020 _a9788182524521
_c225.00
035 _aB-553692-725
035 _aG-003175
035 _aB-665013
037 _adpl
_bBlue Berry/Ven
082 _a031.02
245 _aIllustrated book of amazing facts /
260 _aMumbai
_bWilco Publishing House
_c2013
300 _a96p.:
_bcol.ill..
_c27cm(pbk)
942 _2ddc
_cCH
_mILL
_h503
999 _c86920
_d86920